Anagrammes Pâques - Statistiques

Statistiques générales
  • Ce quiz a été pris 469 fois
  • Le résultat moyen est 7 sur 15
Statistiques - réponses
Anagrammes Réponses % Correct
LOUPE Poule
97%
CACHOLOT Chocolat
86%
HECLOC Cloche
83%
PLAIN Lapin
78%
CONIFEIRES Confiserie
55%
CHTIRS Christ
41%
CLAPAS Pascal
39%
ELEVEIL Veillée
36%
FOUSE Oeufs
33%
CRAMEE Carême
25%
MACHINDE Dimanche
23%
FIERE Férié
23%
AUNAGE Agneau
18%
RECONSTRUIRE Résurrection
15%
PIENNULLEE Pleine Lune
7%
Aucun quiz correspondant
Distribution des résultats
% des personnes avec chaque résultat
Percentile par nombre de réponses
Votre historique - résultats
Vous n’avez pas pris ce quiz